00414 a2200133 4500001000900000005001700009008004100026245007000067100001900137700002200156700001800178773006900196999001500265ART_770620260410161555.0260409a 10aMejora e incremento de la información sobre activos intangibles1 aDíaz, Teresa1 aBertolino, Gisela1 aSuardi, Diana0 tProfesional & Empresariag- Año IX, Nº 108 (sep. 2008)wREV70 c9165d9165